000 01010cab a2200193 4500
001 L129498
008 050425n2005 000 0 eng u
035 _a(Sirsi) u129498
041 _aeng
245 _aBusiness leases - landlord fails to establish ground of opposition
260 _c2005
490 _aCommercial Leases
_v19(3) March 2005, 959-960(2)
520 _aDiscusses the case "Zafiris and another v Liu" (CA 27 January 2005, The Times 3 March 2005) which reviews a landlord's evidence when opposing a renewal on groundsunder the Landlord and Tenant Act 1954 s30(1). In this case the landlord failed to provide sufficient evidence that he intended to occupy the premises for the purposes of his own business.
590 _aIKA290405
650 _aZAFIRIS AND ANOTHER V LIU
650 _aLANDLORD AND TENANT ACT 1954 S30 1
690 _aPROPERTY-COMMERCIAL PROPERTY-LEASEHOLD COMMERCIAL PROPERTY-COMMERCIAL LANDLORD AND TENANT-BUSINESS TENANCIES-RENT REVIEW (BUSINESS TENANCIES)
942 _n0
999 _c75128
_d75128